| 000 | 01184cam a22003377a 4500 | ||
|---|---|---|---|
| 003 | CHAP | ||
| 005 | 20220329134658.0 | ||
| 008 | 971013s1962 r 00010 d | ||
| 010 | _a24124 | ||
| 011 | _a25096 | ||
| 035 | _a29196 | ||
| 040 | _cCHAP | ||
| 082 |
_a338.27282 _bB7 |
||
| 100 | 0 | 0 |
_aBridel, Laurent. _915314 |
| 245 | 1 | 3 | _aLe pétrole mexicain apres 1938, essai de géogrphie économique |
| 260 |
_aParis : _bInstitut des Hautes Etudes de L'Amerique Latine, _c1962 |
||
| 300 | _a64 h. mapas | ||
| 490 | 0 |
_aCentre d' Etudes du Déceloppment de L'Amerique Latine _v; 7 |
|
| 590 |
_aBATCH-UPD _b10 _c20130110 _lUCH01 _h0310 |
||
| 590 |
_aBATCH-UPD _b10 _c20130110 _lUCH01 _h1653 |
||
| 590 |
_aBATCH-UPD _b10 _c20130409 _lUCH01 _h2342 |
||
| 590 |
_aBATCH-UPD _b10 _c20130410 _lUCH01 _h1558 |
||
| 590 |
_aBATCH-UPD _b10 _c20130914 _lUCH01 _h1911 |
||
| 590 |
_aCONVERSION _b10 _c20130109 _lUCH01 _h1314 |
||
| 650 | 1 | 4 |
_aPetróleo _xIndustria _zMéxico. _987668 |
| 650 | 1 | 4 |
_aPetróleo _zMéxico. _987678 |
| 830 | 0 |
_aCentre d' Etudes du Déceloppment de L'Amerique Latine _v; 7 _921026 |
|
| 901 | _aBK | ||
| 942 | _cLIBRO | ||
| 949 |
_a338.27282 B7 _bBC _cBPA _d-67375 _eBPA _h39085 _i29196 _si |
||
| 999 |
_c24124 _d24124 |
||